Catálogo
 En Linea

El ingenioso hidalgo Don Quijote de la Mancha ; (Registro nro. 53179)

Detalles MARC
000 -CABECERA
campo de control de longitud fija 01734nam a2200373 i 4500
003 - IDENTIFICADOR DEL NÚMERO DE CONTROL
campo de control DO-SdBNP
005 - FECHA Y HORA DE LA ÚLTIMA TRANSACCIÓN
campo de control 20240503073631.0
007 - CAMPO FIJO DE DESCRIPCIÓN FÍSICA--INFORMACIÓN GENERAL
campo de control de longitud fija ta
008 - DATOS DE LONGITUD FIJA--INFORMACIÓN GENERAL
campo de control de longitud fija 230328b1870 sp a|||| |||| 00| 0 spa d
040 ## - FUENTE DE LA CATALOGACIÓN
Centro catalogador/agencia de origen DO-SdBNP
Lengua de catalogación spa
Centro/agencia transcriptor BNPHU
Normas de descripción rda
082 #4 - NÚMERO DE LA CLASIFICACIÓN DECIMAL DEWEY
Número de clasificación 863.3
Número de documento/Ítem C419i 1879
Número de edición 22
100 1# - ENTRADA PRINCIPAL--NOMBRE DE PERSONA
Nombre de persona Cervantes Saavedra, Miguel de,
Fechas asociadas al nombre 1547-1616
9 (RLIN) 3070
245 13 - MENCIÓN DE TÍTULO
Título El ingenioso hidalgo Don Quijote de la Mancha ;
Resto del título El Buscapié /
Mención de responsabilidad, etc. Miguel de Cervantes y Saavedra
246 33 - FORMA VARIANTE DE TÍTULO
Título propio/Titulo breve El Buscapié
250 ## - MENCIÓN DE EDICIÓN
Mención de edición Novísima edición.
264 ## - PRODUCCIÓN, PUBLICACIÓN, DISTRIBUCIÓN, FABRICACIÓN Y COPYRIGHT
Producción, publicación, distribución, fabricación y copyright Madrid :
Nombre del de productor, editor, distribuidor, fabricante Imprenta y Librería de Gaspar,
Fecha de producción, publicación, distribución, fabricación o copyright 1879
300 ## - DESCRIPCIÓN FÍSICA
Extensión 540 , 17 páginas, [7] hojas de lámina :
Otras características físicas ilustraciones ;
Dimensiones 27 cm.
336 ## - TIPO DE CONTENIDO
Fuente rdacontent
Término de tipo de contenido texto
Código de tipo de contenido txt
337 ## - TIPO DE MEDIO
Fuente rdamedia
Nombre/término del tipo de medio sin mediación
Código del tipo de medio n
338 ## - TIPO DE SOPORTE
Fuente rdacarrier
Nombre/término del tipo de soporte volumen
Código del tipo de soporte nc
490 0# - MENCIÓN DE SERIE
Mención de serie Biblioteca ilustrada de Gaspar y Roig
500 ## - NOTA GENERAL
Nota general Inclue referencias bibliográficas y notas al pie de las páginas
500 ## - NOTA GENERAL
Nota general Con notas históricas, críticas y gramaticales, de la Academia Española, Pellicer, Arrieta, Clemencin, Cuesta, Janer, etc. ; aumentada con el Buscapié anotado por Adolfo de Castro ; adornada con 500 grabados intercalados, láminas sueltas y el retrato del autor grabado en acero
590 ## - NOTA LOCAL (RLIN)
Nota local Inventariado, 2023/BT
650 #4 - PUNTO DE ACCESO ADICIONAL DE MATERIA--TÉRMINO DE MATERIA
Término de materia o nombre geográfico como elemento de entrada Novela española
9 (RLIN) 1123
650 #4 - PUNTO DE ACCESO ADICIONAL DE MATERIA--TÉRMINO DE MATERIA
Término de materia o nombre geográfico como elemento de entrada Literatura española
9 (RLIN) 632
700 1# - PUNTO DE ACCESO ADICIONAL--NOMBRE DE PERSONA
Nombre de persona Castro, Adolfo de
Fechas asociadas al nombre 1823-1898
Término indicativo de función/relación edicción
9 (RLIN) 83238
700 1# - PUNTO DE ACCESO ADICIONAL--NOMBRE DE PERSONA
Nombre de persona Pellicer y Saforcada, Juan Antonio ,
Término indicativo de función/relación edicción
9 (RLIN) 83239
700 1# - PUNTO DE ACCESO ADICIONAL--NOMBRE DE PERSONA
Nombre de persona García de Arrieta, Agustín
Término indicativo de función/relación edicción
9 (RLIN) 83240
700 1# - PUNTO DE ACCESO ADICIONAL--NOMBRE DE PERSONA
Nombre de persona Clemencín, Diego,
Fechas asociadas al nombre 1765-1834
Término indicativo de función/relación edicción
9 (RLIN) 83241
830 #0 - PUNTO DE ACCESO ADICIONAL DE SERIE-TÍTULO UNIFORME
Título uniforme Biblioteca Ilustrada de Gaspar y Roig
9 (RLIN) 83215
910 ## - DATOS DE OPCIÓN DEL USUARIO (OCLC)
Datos de opción del usuario Btavárez/Validado. Control de calidad MFF
942 ## - ELEMENTOS DE PUNTO DE ACCESO ADICIONAL (KOHA)
Fuente del sistema de clasificación o colocación Dewey Decimal Classification
Tipo de ítem Koha Libro
Existencias
Estado de retiro Estado de pérdida Fuente del sistema de clasificación o colocación Restricciones de uso No para préstamo Código de colección Localización permanente Ubicación/localización actual Ubicación en estantería Fecha de adquisición Fuente de adquisición Signatura topográfica completa Código de barras Fecha visto por última vez Precio válido a partir de Tipo de ítem Koha Nota pública
    Dewey Decimal Classification Excluido de préstamo   Raros y valiosos Biblioteca Nacional Pedro Henríquez Ureña Biblioteca Nacional Pedro Henríquez Ureña Depósito 28.03.2023 Donación BNPHU GR-RV 863.3 C419i 1879 2023-1279 28.03.2023 28.03.2023 Libro Perteneció a la biblioteca personal de Carlos Larrazabal Blanco.

Con tecnología Koha